| 000 | 00000nam 2200000zi 4500 |
| 001 | 9.899071 |
| 003 | CaOODSP |
| 005 | 20240909150409 |
| 006 | m o d f |
| 007 | cr |n||||||||| |
| 008 | 210423t19891989oncab of f000 0|eng d |
| 040 | |aCaOODSP|beng|erda|cCaOODSP |
| 041 | 0 |aeng|afre |
| 043 | |an-cn--- |
| 086 | 1 |aCo22-484/1989-PDF |
| 245 | 04|aThe employee handbook. |
| 246 | 35|aGuide de l'employé |
| 264 | 1|a[Ottawa] : |bCommunications Canada, |c[1989] |
| 264 | 4|c©1989 |
| 300 | |a1 online resource (57, 58 pages) : |billustrations, maps |
| 336 | |atext|btxt|2rdacontent |
| 337 | |acomputer|bc|2rdamedia |
| 338 | |aonline resource|bcr|2rdacarrier |
| 500 | |aDigitized edition from print [produced by Innovation, Science and Economic Development Canada]. |
| 546 | |aText in English and French, French text follows English. |
| 610 | 10|aCanada.|bCommunications Canada|xOfficials and employees|vHandbooks, manuals, etc. |
| 655 | 7|aHandbooks and manuals|2lcgft |
| 710 | 1 |aCanada. |bCommunications Canada, |eissuing body. |
| 792 | |tThe employee handbook.|efre|w(CaOODSP)9.942994 |
| 856 | 40|qPDF|s7961 KB|uhttps://publications.gc.ca/collections/collection_2024/isde-ised/co22/Co22-484-1989.pdf |